00535 2200205 4500001002100000005001500021035002000036007000300056008004100059020002200100082001000122084001700132100001500149245004900164260003600213300002800249650002600277504001600303990001000319INLIS00000000000200920250303113856 a0010-0325000042ta250303 g 1 ind  a978-979-28-1770-6 aF/813 aF/813 RIA k0 aRiana Wati1 aKumpulan Cerita Panji :bFiksi /cRiana Wati aKlaten :bIntan Pariwara,c2015 a68 hlm :bilus ;c25 Cm 4aKumpulan Cerita Panji aBibliografi a03746